Narace a (živá) realita
Saved in:
| Main Authors | , |
|---|---|
| Format | Book |
| Language | Czech Slovak |
| Published |
Praha :
Togga,
2012
|
| Edition | Vyd. 1. |
| Subjects | |
| Online Access | Obsah knihy |
| ISBN | 9788087258705 |
| Physical Description | 112 s. ; 21 cm |
| LEADER | 00000cam a2200000 a 4500 | ||
|---|---|---|---|
| 001 | 67246 | ||
| 003 | CZ-ZlUTB | ||
| 005 | 20240829152207.0 | ||
| 007 | ta | ||
| 008 | 121001s2012 xr f 000 0 cze | ||
| 015 | |a cnb002405968 | ||
| 020 | |a 9788087258705 |q (brož.) | ||
| 035 | |a (OCoLC)837501564 | ||
| 040 | |a ABA001 |b cze |d ZLD002 | ||
| 041 | 0 | |a cze |a slo |b eng | |
| 072 | 7 | |a 3 |x Společenské vědy |2 Konspekt |9 18 | |
| 080 | |a 303.686:808.543 |2 MRF | ||
| 080 | |a 001.2 |2 MRF | ||
| 080 | |a 30 |2 MRF | ||
| 080 | |a 930 |2 MRF | ||
| 080 | |a 575.8 |2 MRF | ||
| 080 | |a 316.6:159.953 |2 MRF | ||
| 080 | |a 930.1:303.833.5 |2 MRF | ||
| 080 | |a 82-3 |2 MRF | ||
| 080 | |a 111.61 |2 MRF | ||
| 080 | |a (048.8:082) |2 MRF | ||
| 245 | 0 | 0 | |a Narace a (živá) realita / |c Jan Horský, Juraj Šuch (eds.) |
| 250 | |a Vyd. 1. | ||
| 260 | |a Praha : |b Togga, |c 2012 | ||
| 300 | |a 112 s. ; |c 21 cm | ||
| 504 | |a Obsahuje bibliografické odkazy | ||
| 520 | 9 | |a Příspěvky autorů z různých oborů zabávající se problematikou narace. | |
| 546 | |a Část. slovenský text, anglická resumé | ||
| 650 | 0 | 7 | |a narativita |7 ph752786 |x mezioborový kontext |2 czenas |
| 650 | 0 | 7 | |a sociální vědy |7 ph116214 |2 czenas |
| 650 | 0 | 7 | |a historiografie |7 ph114672 |2 czenas |
| 650 | 0 | 7 | |a evoluce (biologie) |7 ph114506 |2 czenas |
| 650 | 0 | 7 | |a sociální paměť |7 ph114496 |2 czenas |
| 650 | 0 | 7 | |a interpretace dějin |7 ph627521 |2 czenas |
| 650 | 0 | 7 | |a fikce |7 ph120174 |2 czenas |
| 650 | 0 | 7 | |a skutečnost |7 ph135610 |2 czenas |
| 650 | 0 | 9 | |a narratives |x interdisciplinary context |2 eczenas |
| 650 | 0 | 9 | |a social sciences |2 eczenas |
| 650 | 0 | 9 | |a historiography |2 eczenas |
| 650 | 0 | 9 | |a evolution (biology) |2 eczenas |
| 650 | 0 | 9 | |a social memory |2 eczenas |
| 650 | 0 | 9 | |a interpretation of history |2 eczenas |
| 650 | 0 | 9 | |a fiction |2 eczenas |
| 650 | 0 | 9 | |a reality |2 eczenas |
| 655 | 7 | |a kolektivní monografie |7 fd501537 |2 czenas | |
| 655 | 9 | |a collective monographs |2 eczenas | |
| 700 | 1 | |a Horský, Jan, |d 1963- |7 jn19990009845 |4 edt |4 aut | |
| 700 | 1 | |a Šuch, Juraj |7 mzk2011626624 |4 edt |4 aut | |
| 856 | 4 | 1 | |u http://web.flu.cas.cz/scan/323507214.pdf |y Obsah knihy |4 N |
| 910 | |a ZLD002 | ||
| 952 | |0 0 |1 0 |4 0 |6 3NARACE |7 0 |8 BOOK |9 121745 |a UTBZL |b UTBZL |c 005 |d 2013-04-24 |l 0 |o 3/NARACE |p 420010148761 |r 2019-08-26 00:00:00 |v 130.00 |w 2019-08-26 |x N:nákup; | 20100831 |y 01 | ||
| 992 | |a BK |b SK | ||
| 901 | |b 9788087258705 |f 1. vyd. |o 20130313 | ||
| 998 | |a 005596359 | ||
| 999 | |c 67246 |d 67246 | ||